00354nam a2200109Ia 45000010005000000080041000050200022000460820033000681000058001012450054001592600031002133690241024s9999 xx 000 0 und d a978-9945-8539-9-5 aRD/725.97293/R426m/2012-2016 aRepública Dominicana.Ministerio de Obras Públicas 0aMemorias del primer año del cuatrenio 2012-2016 bEditora Alfa & Omegac2013